| LEADER 01174nam 2200277 a 4500 |
| 001 12334104690 |
| 003 ULIB |
| 008 030417s2551 th a sb 001 0 tha |
| 020 ^a978-974-04-7411-1
|
| 060 4 ^aWA590^bม443ว 2551
|
| 100 0 ^aมานพ คณะโต
|
| 245 10 ^aวิทยาการระบาดเชิงคลินิกและชีวสถิติ /^cมานพ คณะโต
|
| 250 ^aพิมพ์ครั้งที่ 1
|
| 260 ^aขอนแก่น :^bเครือข่ายพัฒนาวิชาการและข้อมูลสารเสพติด ภาคตะวันออกเฉียงเหนือ มหาวิทยาลัยขอนแก่น,^c2551
|
| 300 ^a209 หน้า
|
| 650 7 ^aระบาดวิทยา
|
| 650 7 ^aชีวสถิติ
|
| 710 2 เครือข่ายพัฒนาวิชาการและข้อมูลสารเสพติด ภาคตะวันออกเฉียงเหนือ
|
| 913 ^aImported by ULIBM Administrator
|
| 949 ^aImport form external file by ULIBM system
|
| 999 ^aอรทัย, สุณิสา
|